Abogados, maestros e ingenieros : algunas reflexiones sobre la transformación de la Bilgunsbürgertum alemana : 1900-1950 (Record no. 61701)

MARC details
000 -CABECERA
campo de control de longitud fija 00623nam a2200205 a 4500
005 - FECHA Y HORA DE LA ÚLTIMA TRANSACCIÓN
campo de control 20210219152825.0
008 - ELEMENTOS DE LONGITUD FIJA--INFORMACIÓN GENERAL
campo de control de longitud fija 991125n 000 0 spa u
035 ## - NÚMERO DE CONTROL DEL SISTEMA
Número de control de sistema UPN01000062403
100 1# - ASIENTO PRINCIPAL--NOMBRE PERSONAL
Nombre de persona Jarausch, Konrad H
222 ## - TÍTULO CLAVE
Título clave REVISTA DE EDUCACION
245 ## - MENCIÓN DE TÍTULO
Título Abogados, maestros e ingenieros : algunas reflexiones sobre la transformación de la Bilgunsbürgertum alemana : 1900-1950
260 ## - PUBLICACIÓN, DISTRIBUCIÓN, ETC.
Lugar de publicación, distribución, etc. Madrid, España
300 ## - DESCRIPCIÓN FÍSICA
Extensión 241-258
362 0# - FECHAS DE PUBLICACIÓN Y/O DESIGNACIÓN SECUENCIAL
Fecha de publicación y/o designación secuencial 1989 No. extraordinario
653 0# - TERMINO DE INDIZACION - NO CONTROLADO
Término no controlado ALEMANIA
653 0# - TERMINO DE INDIZACION - NO CONTROLADO
Término no controlado FORMACION DE MAESTROS
653 0# - TERMINO DE INDIZACION - NO CONTROLADO
Término no controlado PRACTICA DOCENTE
904 ## - ELEMENTOS DE DATOS D LOCAL, LDD (RLIN)
a AC
b 000214
905 ## - TIPO DE MATERIAL
Tipo de material Articulo

No items available.